| 000 | 00655nam a2200301Ia 4500 | ||
|---|---|---|---|
| 005 | 20260401122048.0 | ||
| 008 | 008 250103s9999 xx 000 0 eng d | ||
| 020 | _a198238460 | ||
| 037 | _aTB | ||
| 040 | _aEDL | ||
| 040 | _beng | ||
| 040 | _cEDL | ||
| 041 | _2eng | ||
| 041 | _aeng | ||
| 084 | _a170.2 MAY | ||
| 084 | _qEDL | ||
| 100 |
_aMay, Simon _9975802 |
||
| 245 | 0 | _aNietzsche's Ethics and his War on Morality | |
| 245 | 0 | _cMay, Simon | |
| 260 | _aOxford | ||
| 260 | _bClarendon Press | ||
| 260 | _c1999 | ||
| 300 | _a212p | ||
| 942 | _cTB | ||
| 942 | _h170.2 MAY | ||
| 999 |
_c1844668 _d1844668 |
||